| 000 | 01076nam a22002657a 4500 | ||
|---|---|---|---|
| 005 | 20170123162333.0 | ||
| 010 | _aA-842603 | ||
| 020 |
_c15.00 _a817201418 |
||
| 035 | _aA-842603 | ||
| 037 | _bCen Lib/Ret | ||
| 040 |
_aDPL _bUR |
||
| 082 |
_a841.8 _bس ر ک |
||
| 100 |
_aانل چند بنرجی _9122697 |
||
| 245 |
_aجادو ناتھ سرکار : _cانل چند بنرجی ؛ مرتجم اقبال کرشن _bہندوستانی ادب کے معمار / |
||
| 246 |
_aJadunath Sarkar : hindustani adab ke muammar / _bby Anil Chand Benarji ; traslated by Iqbaal Krishan |
||
| 260 |
_bساہتیہ اکادمی _c1993 _aنیی دہلی |
||
| 270 |
_bنیی دہلی _aرویندرا بھون ٣٥، فیروز شاہ مارگ _e110001 |
||
| 300 |
_a104p. _c21cm(Hb) |
||
| 650 |
_aادب -- انگلش _9122698 |
||
| 650 |
_aانگلش سوانے عمری _9122699 |
||
| 650 |
_aLiterature -- English _932150 |
||
| 650 |
_aEnglish biography _997891 |
||
| 700 |
_aاقبال کرشن _9122700 |
||
| 942 |
_2ddc _cUR _h841.8 _mس ر ک |
||
| 999 |
_c107936 _d107936 |
||